00377nam a2200109Ia 4500008004100000020001800041082001700059245004200076260001900118300001400137650011600151120629s9999 xx 000 0 und d a970-9857-12-6 a348.02 L681l aLey general de sociedades mercantiles aMéxico : Pac aIrregular a1. SOCIEDADES MERCANTILES-LEYES Y REGLAMENTOS-MEXICO \ 2. SOCIEDADES COOPERATIVAS-LEYES Y REGLAMENTOS-MEXICOÌ